000 00553nam a22001457a 4500
005 20231030142120.0
008 231030b |||||||| |||| 00| 0 eng d
041 _aEnglish
100 _aRandell, GH and Bax, KC
_lEnglish
245 _aThe South African Attorneys Handbook :
_bBeing Statutes and Decided cases relating to their profession /
_cGH Randell, KC Bax
260 _aDurban :
_bButterworth and Company Limited,
_c1959
300 _bxiv, 217 pages ;
_c25,5 cm.
650 _alegal practice,
_bLaw
942 _cBK
_6ALISON_BN_VRIES
999 _c155
_d155